Solidaridad, participación, transparencia: conversaciones sobre el Socialismo en Rosario, Argentina

Spremljeno u:
Bibliografski detalji
Glavni autor: Richards, Howard (Autor)
Format: Knjiga
Jezik:španjolski
Izdano: Rosario Tinta Roja 2007
Izdanje:1a. ed
Teme:
Oznake: Dodaj oznaku
Bez oznaka, Budi prvi tko označuje ovaj zapis!

MARC

LEADER 00000cam a2200000 a 4500
001 UCE2847
003 CL-VaPUC
008 140731e20070000ag |||||||||||||||||spa|d
020 |a 9789872156329 
082 0 4 |a 320.531  |b RIC  |2 21 
100 0 |a Richards, Howard  |e author  |9 575394 
245 1 0 |a Solidaridad, participación, transparencia: conversaciones sobre el Socialismo en Rosario, Argentina 
250 |a 1a. ed 
300 |a 302 p 
942 |c BK 
945 |d 20140731 15:45:00  |a dcastane 
260 |a Rosario  |b Tinta Roja  |c 2007 
650 0 |a Socialismo  |9 255260 
650 0 |a Solidaridad  |9 259208 
650 0 |a Participación ciudadana  |9 330304 
650 7 |a PARTICIPACION POLITICA  |2 CL-VaPUC  |9 575395 
583 |a last modification  |c 20140731 15:45:00  |k Rodrigo Vera 
999 |c 356387  |d 356385 
952 |0 0  |1 0  |3 erb  |4 0  |6 320_531000000000000_RIC_2007  |7 0  |8 A  |9 463676  |a BIBHIS  |b BIBHIS  |i 5079845  |o 320.531 RIC 2007  |p 5079845  |r 2025-01-20  |w 2019-11-23  |y BK  |z Catalogado en:20140731  |k HIS